| 000 | 00850nam a2200241Ia 4500 | ||
|---|---|---|---|
| 003 | GCL | ||
| 008 | 140319s9999 xx 000 0 ara d | ||
| 020 | _a5233843052 | ||
| 040 |
_aGCL / _cGCL |
||
| 082 | 0 | 4 |
_a275.37 _bع ت |
| 100 | 1 | _aعدنان عويد | |
| 245 | 1 | 0 |
_aالتبشير بين الاصولية المسيحية وسلطة التغريب : _bدراسات فى قضايا النهضة / _cعدنان عويد |
| 250 | _aالاولى | ||
| 260 |
_aسوريا : _bدار المدى للثقافة والنشر ، _c2000 |
||
| 300 |
_a175ص ؛ _c21سم |
||
| 490 |
_aمنشورات المدى _v69 |
||
| 650 | 0 | 4 | _aالارساليات التبشيرية |
| 650 | 0 | 4 | _aاللاهوت العملى |
| 650 | 0 | 4 | _aالمسيحية |
| 650 | 0 | 4 | _aاعمال الكنيسة |
| 650 | 0 | 4 | _aالكنائس - بعثات |
| 942 |
_2ddc _cBK |
||
| 999 |
_c5905 _d5905 |
||